[Event "Stay Safe Play From Home 358"]
[Site "Emanuel Lasker Arena"]
[Date "2020.08.05"]
[Round "3"]
[White "Greblha"]
[Black "Tran Minh Thang"]
[Result "0-1"]
[WhiteElo "1971"]
[BlackElo "2531"]
[Annotator "TA"]
[PlyCount "100"]
[EventDate "2020.08.05"]
[EventType "swiss (blitz)"]

{[%evp 9,100,13,21,-4,0,-21,-19,-21,-25,-19,-18,-26,-20,-29,22,24,23,8,11,-13,8,0,0,-7,25,-8,24,0,0,-5,-19,-74,-27,-27,35,0,17,11,31,20,18,28,29,0,0,-17,454,452,547,547,547,546,487,507,494,453,453,0,0,0,0,0,8348,6203,29954,1376,29954,29954,29955,29955,29952,564,29963,29960,29971,29973,29973,-29974,29970,-29975,-29971,-29976,-29977,-29976,-29974,-29979,-29980,-29979,-29976,-29979,-29980,-29980,-29980]} 1. e4 c5 2. Nc3 a6 3. g3 e6 4. Bg2 b5 5. d3 Bb7 6. Be3 {B23: Closed Sicilian: Lines without g3.} Nf6 7. h3 d5 8. exd5 {The position is equal.} Nxd5 9. Nxd5 Bxd5 10. Bxd5 Qxd5 11. Qf3 {[#]} Qxf3 $146 (11... Nc6 $142) ({Predecessor:} 11... Nc6 12. O-O-O Be7 13. Qxd5 exd5 14. d4 c4 15. Nf3 f6 16. c3 a5 17. g4 b4 {0-1 (32) Nguyen,H (1684)-Duong,T (2307) Bac Giang 2018}) 12. Nxf3 $11 Nc6 13. Kd2 Bd6 14. Rae1 Kd7 15. h4 f6 16. h5 e5 17. Nh4 Ke6 18. f4 Rhe8 19. f5+ Kf7 20. h6 (20. Bf2 $11) 20... Rad8 21. hxg7 Kxg7 (21... e4 $11) 22. Nf3 e4 23. Bh6+ Kh8 24. Rxe4 Rxe4 25. dxe4 Bxg3+ 26. Kc1 Ne5 27. Rg1 Nxf3 $4 {[%mdl 8192]} (27... Rg8 $11 {and Black stays safe.} 28. Nd2 Bh4) 28. Rxg3 {[%mdl 4096] Endgame Strongly threatening Bg7+. KRB-KRN} Nd4 29. Bg7+ {[%mdl 64] Double Attack} Kg8 30. Bxf6+ {[%mdl 64] Discovered Attack} Kf7 {( -> ...Ne2+)} 31. Bxd8 Ne2+ 32. Kd2 Nxg3 $18 {KB-KN} 33. Bb6 $2 (33. Ke3 $18) 33... Nxe4+ $11 34. Ke3 Nd6 {aiming for ...Nc4+.} 35. Kf4 Nxf5 $2 {[%mdl 8192]} (35... Nc4 $11 36. Bxc5 Nxb2) 36. Kxf5 {KB-KP} c4 37. Bd4 (37. c3 $142 h5 38. Bf2 Kg7 39. Kg5 a5 40. Bg3 Kf7 41. Kxh5 Kf6 42. Kg4) 37... Ke7 38. c3 Kd6 39. a3 Kd5 40. Kf6 (40. Kg5 $142 Ke6 41. Kf4 Kd6 42. Bf2 Kd5 43. Be3 h5 44. Bf2 Kd6 45. Ke4) 40... a5 41. Kg7 b4 42. Kxh7 {KB-K3P} b3 43. Kh6 $4 {[%mdl 8192]} (43. a4 Ke4 44. Kh6 Kd3 45. Bc5 Kc2 46. Ba3 Kd3 47. Kg5 Ke4 48. Kf6) 43... Ke4 $4 {[%mdl 8192] [#]} (43... a4 {and life is good for Black.} 44. Kg5 Ke4 45. Kf6 Kd3 46. Ke6 Kc2 47. Bc5 Kxb2 48. Bb4 Kc2 49. Kd5 b2 50. Kxc4 b1=Q 51. Kd5 Qe1 52. Kd4 Qe6 53. Kc5 Qd7 54. Kc4 Qd3+ 55. Kc5 Kb3 56. Kb6 Qd7 57. Kc5 Qd3 58. Kb6 Kc4 59. Kc7 Qxc3 $1 {[%mdl 512]} 60. Kd7 Qe5 61. Bd6 Qf5+ 62. Kc7 Kd5 63. Bb4 Qe6 64. Bd2 Qc6+ 65. Kb8 Qb6+ 66. Kc8 Kc6 67. Ba5 Qb7+ 68. Kd8 Qd7#) 44. Kg5 $4 {[%mdl 8192]} (44. a4 $1 {was the only winning move.} Kd3 45. Bc5 Ke4 46. Kg6 Kd3 47. Kf5 Kc2 48. Ba3 Kd1 49. Ke4) 44... Kd3 {Black mates.} 45. Kf5 a4 46. Ke5 Kc2 47. Kd5 Kxb2 48. Kxc4 Kc2 49. Kb4 b2 50. c4 b1=Q+ {What a bad dream for White. Accuracy: White = 62%, Black = 54%.} 0-1

[Event "Stay Safe Play From Home 358"]
[Site "Emanuel Lasker Arena"]
[Date "2020.08.05"]
[Round "3"]
[White "Haris kollari 13"]
[Black "Trotsky"]
[Result "1-0"]
[WhiteElo "1705"]
[BlackElo "1643"]
[Annotator "NA RC"]
[PlyCount "45"]
[EventDate "2020.08.05"]
[EventType "swiss (blitz)"]

1. e4 {[%emt 0:00:01]} c5 {[%emt 0:00:01]} 2. f4 {[%emt 0:00:01]} e6 {[%emt 0:00:00]} 3. Nf3 {[%emt 0:00:01]} d5 {[%emt 0:00:01]} 4. e5 {[%emt 0:00:00]} Nc6 {[%emt 0:00:01]} 5. c3 {[%emt 0:00:01]} Qc7 {[%emt 0:00:01]} 6. d4 {[%emt 0:00:01]} Bd7 {[%emt 0:00:01]} 7. Bd3 {[%emt 0:00:02]} O-O-O {[%emt 0:00:01]} 8. O-O {[%emt 0:00:01]} c4 {[%emt 0:00:00]} 9. Bc2 {[%emt 0:00:01]} f6 {[%emt 0:00:00]} 10. b3 {[%emt 0:00:01]} fxe5 {[%emt 0:00:01]} 11. fxe5 {[%emt 0:00:01]} h5 {[%emt 0:00:04]} 12. bxc4 {[%emt 0:00:01]} Nxe5 {[%emt 0:00:09]} 13. dxe5 {[%emt 0:00:03]} Bd6 {[%emt 0:00:06]} 14. exd6 {[%emt 0:00:02]} Qxd6 {[%emt 0:00:01]} 15. cxd5 {[%emt 0:00:01]} Nf6 {[%emt 0:00:01]} 16. dxe6 {[%emt 0:00:02]} Qb6+ {[%emt 0:00:06]} 17. Kh1 {[%emt 0:00:04]} Bc6 {[%emt 0:00:01]} 18. Qe1 {[%emt 0:00:06]} Ng4 {[%emt 0:00:02]} 19. Nd4 {[%emt 0:00:05]} Qc7 {[%emt 0:00:01]} 20. Bf4 {[%emt 0:00:07]} Bxg2+ {[%emt 0:00:07]} 21. Kxg2 {[%emt 0:00:02]} Qc6+ {[%emt 0:00:03]} 22. Be4 {[%emt 0:00:03]} Qxe6 {[%emt 0:00:04]} 23. Nxe6 {[%emt 0:00:02] Trotsky Ñäàåòñÿ Trotsky Ñäàåòñÿ Trotsky Ñäàåòñÿ Trotsky Ñäàåòñÿ Trotsky Ñäàåòñÿ (Lag: Av=0.33s, max=0.8s) (Lag: Av=0.33s, max=0.8s) (Lag: Av=0.33s, max=0.8s) (Lag: Av=0.33s, max=0.8s) (Lag: Av=0.33s, max=0.8s)} 1-0

[Event "Stay Safe Play From Home 358"]
[Site "Emanuel Lasker Arena"]
[Date "2020.08.05"]
[Round "3"]
[White "Gaurav306"]
[Black "Little champs"]
[Result "0-1"]
[WhiteElo "1680"]
[BlackElo "2175"]
[Annotator "NA RC"]
[PlyCount "140"]
[EventDate "2020.08.05"]
[EventType "swiss (blitz)"]

1. e4 {[%emt 0:00:02]} b6 {[%emt 0:00:01]} 2. Nc3 {[%emt 0:00:02]} Bb7 {[%emt 0:00:00]} 3. g3 {[%emt 0:00:01]} e6 {[%emt 0:00:00]} 4. Bg2 {[%emt 0:00:01]} c5 {[%emt 0:00:00]} 5. Nge2 {[%emt 0:00:01]} Nc6 {[%emt 0:00:00]} 6. d4 {[%emt 0:00:01]} cxd4 {[%emt 0:00:00]} 7. Nxd4 {[%emt 0:00:00]} Bc5 {[%emt 0:00:02]} 8. Be3 {[%emt 0:00:01]} Qf6 {[%emt 0:00:01]} 9. Nce2 {[%emt 0:00:09]} Nge7 {[%emt 0:00:01]} 10. O-O {[%emt 0:00:01]} O-O {[%emt 0:00:01]} 11. c3 {[%emt 0:00:04]} Rac8 {[%emt 0:00:01]} 12. Nb5 {[%emt 0:00:04]} Ba6 {[%emt 0:00:08]} 13. Bxc5 {[%emt 0:00:01]} Bxb5 {[%emt 0:00:01]} 14. Bd4 {[%emt 0:00:02]} Nxd4 {[%emt 0:00:01]} 15. cxd4 {[%emt 0:00:03]} Bxe2 {[%emt 0:00:01]} 16. Qxe2 {[%emt 0:00:01]} Qxd4 {[%emt 0:00:01]} 17. Rfd1 {[%emt 0:00:00]} Qc5 {[%emt 0:00:01]} 18. Rxd7 {[%emt 0:00:01]} Nc6 {[%emt 0:00:01]} 19. Rad1 {[%emt 0:00:02]} e5 {[%emt 0:00:01]} 20. R7d5 {[%emt 0:00:01]} Nd4 {[%emt 0:00:01]} 21. R1xd4 {[%emt 0:00:03]} exd4 {[%emt 0:00:07]} 22. Rxc5 {[%emt 0:00:01]} bxc5 {[%emt 0:00:00]} 23. h4 {[%emt 0:00:01]} c4 {[%emt 0:00:01]} 24. Bh3 {[%emt 0:00:01]} Rcd8 {[%emt 0:00:01]} 25. Qxc4 {[%emt 0:00:01]} d3 {[%emt 0:00:01]} 26. Qc1 {[%emt 0:00:01]} d2 {[%emt 0:00:01]} 27. Qd1 {[%emt 0:00:00]} Rfe8 {[%emt 0:00:01]} 28. Bg2 {[%emt 0:00:02]} f5 {[%emt 0:00:01]} 29. Kf1 {[%emt 0:00:01]} fxe4 {[%emt 0:00:01]} 30. Ke2 {[%emt 0:00:00]} Re5 {[%emt 0:00:03]} 31. Qb3+ {[%emt 0:00:01]} Kh8 {[%emt 0:00:01]} 32. Kd1 {[%emt 0:00:00]} h6 {[%emt 0:00:02]} 33. Qe3 {[%emt 0:00:01]} Re7 {[%emt 0:00:04]} 34. Qc5 {[%emt 0:00:03]} Red7 {[%emt 0:00:02]} 35. Qe3 {[%emt 0:00:01]} Rc7 {[%emt 0:00:01]} 36. Qxd2 {[%emt 0:00:01]} Rxd2+ {[%emt 0:00:01]} 37. Kxd2 {[%emt 0:00:00]} Rc4 {[%emt 0:00:00]} 38. b3 {[%emt 0:00:01]} Rd4+ {[%emt 0:00:01]} 39. Kc3 {[%emt 0:00:00]} Rd3+ {[%emt 0:00:01]} 40. Kc2 {[%emt 0:00:00]} Rd4 {[%emt 0:00:01]} 41. Kc3 {[%emt 0:00:01]} Rd1 {[%emt 0:00:01]} 42. Kc2 {[%emt 0:00:01]} Rg1 {[%emt 0:00:01]} 43. Bxe4 {[%emt 0:00:00]} Rf1 {[%emt 0:00:00]} 44. Kd3 {[%emt 0:00:00]} Rxf2 {[%emt 0:00:00]} 45. Bg2 {[%emt 0:00:00]} Rxg2 {[%emt 0:00:01]} 46. Ke3 {[%emt 0:00:00]} Rxg3+ {[%emt 0:00:00]} 47. Kf4 {[%emt 0:00:01]} Rg6 {[%emt 0:00:00]} 48. Kf5 {[%emt 0:00:00]} Ra6 {[%emt 0:00:00]} 49. Ke4 {[%emt 0:00:00]} Rxa2 {[%emt 0:00:01]} 50. Kf4 {[%emt 0:00:00]} Rh2 {[%emt 0:00:00]} 51. Ke3 {[%emt 0:00:00]} Rb2 {[%emt 0:00:00]} 52. Kd4 {[%emt 0:00:00]} Rxb3 {[%emt 0:00:00]} 53. Kc4 {[%emt 0:00:00]} Rh3 {[%emt 0:00:00]} 54. Kd5 {[%emt 0:00:00]} Rxh4 {[%emt 0:00:00]} 55. Kc6 {[%emt 0:00:00]} Rg4 {[%emt 0:00:00]} 56. Kc7 {[%emt 0:00:00]} Re4 {[%emt 0:00:00]} 57. Kb7 {[%emt 0:00:00]} Rd4 {[%emt 0:00:00]} 58. Ka6 {[%emt 0:00:00]} Rc4 {[%emt 0:00:00]} 59. Kb5 {[%emt 0:00:00]} Rc1 {[%emt 0:00:01]} 60. Kb4 {[%emt 0:00:01]} Rc2 {[%emt 0:00:00]} 61. Ka5 {[%emt 0:00:00]} Rc8 {[%emt 0:00:00]} 62. Ka4 {[%emt 0:00:00]} Kg8 {[%emt 0:00:00]} 63. Kb4 {[%emt 0:00:00]} Kf7 {[%emt 0:00:00]} 64. Ka5 {[%emt 0:00:00]} Ke7 {[%emt 0:00:00]} 65. Ka6 {[%emt 0:00:00]} Kd7 {[%emt 0:00:00]} 66. Kb5 {[%emt 0:00:00]} Rc5+ {[%emt 0:00:01]} 67. Kb4 {[%emt 0:00:00]} Kd6 {[%emt 0:00:00]} 68. Kb3 {[%emt 0:00:01]} g5 {[%emt 0:00:00]} 69. Kb2 {[%emt 0:00:00]} Kd5 {[%emt 0:00:00]} 70. Ka3 {[%emt 0:00:00]} Rc4 {[%emt 0:00:00] Time Time Time Time Time (Lag: Av=0.84s, max=2.3s) (Lag: Av=0.84s, max=2.3s) (Lag: Av=0.84s, max=2.3s) (Lag: Av=0.84s, max=2.3s) (Lag: Av=0.84s, max=2.3s)} 0-1

[Event "Stay Safe Play From Home 358"]
[Site "Emanuel Lasker Arena"]
[Date "2020.08.05"]
[Round "3"]
[White "Ao017545"]
[Black "TheCHESSHOUSE"]
[Result "0-1"]
[WhiteElo "1482"]
[BlackElo "2083"]
[Annotator "NA RC"]
[PlyCount "42"]
[EventDate "2020.08.05"]
[EventType "swiss (blitz)"]

1. e4 {[%emt 0:00:02]} c5 {[%emt 0:00:01]} 2. Nf3 {[%emt 0:00:00]} d6 {[%emt 0:00:01]} 3. Bc4 {[%emt 0:00:00]} e6 {[%emt 0:00:01]} 4. e5 {[%emt 0:00:00]} d5 {[%emt 0:00:01]} 5. Bb5+ {[%emt 0:00:03]} Bd7 {[%emt 0:00:01]} 6. Be2 {[%emt 0:00:02]} Ne7 {[%emt 0:00:02]} 7. d4 {[%emt 0:00:00]} Ng6 {[%emt 0:00:02]} 8. Bg5 {[%emt 0:00:04]} Qa5+ {[%emt 0:00:02]} 9. Bd2 {[%emt 0:00:03]} Qb6 {[%emt 0:00:01]} 10. dxc5 {[%emt 0:00:02]} Bxc5 {[%emt 0:00:01]} 11. O-O {[%emt 0:00:05]} Qxb2 {[%emt 0:00:02]} 12. Bc3 {[%emt 0:00:02]} Qb6 {[%emt 0:00:01]} 13. Nbd2 {[%emt 0:00:01]} O-O {[%emt 0:00:04]} 14. Ng5 {[%emt 0:00:00]} h6 {[%emt 0:00:03]} 15. Ngf3 {[%emt 0:00:02]} a6 {[%emt 0:00:03]} 16. Kh1 {[%emt 0:00:00]} Qc7 {[%emt 0:00:01]} 17. Nb3 {[%emt 0:00:00]} Ba7 {[%emt 0:00:04]} 18. Bd4 {[%emt 0:00:02]} Nc6 {[%emt 0:00:02]} 19. Bb2 {[%emt 0:00:02]} Ncxe5 {[%emt 0:00:03]} 20. Nxe5 {[%emt 0:00:02]} Nxe5 {[%emt 0:00:00]} 21. Bxe5 {[%emt 0:00:01]} Qxe5 {[%emt 0:00:00] Ao017545 terk eder Ao017545 terk eder Ao017545 terk eder Ao017545 terk eder Ao017545 terk eder (Lag: Av=0.89s, max=1.4s) (Lag: Av=0.89s, max=1.4s) (Lag: Av=0.89s, max=1.4s) (Lag: Av=0.89s, max=1.4s) (Lag: Av=0.89s, max=1.4s)} 0-1

[Event "Stay Safe Play From Home 358"]
[Site "Emanuel Lasker Arena"]
[Date "2020.08.05"]
[Round "3"]
[White "Sky5zeroes"]
[Black "Edmatuag"]
[Result "0-1"]
[WhiteElo "1425"]
[BlackElo "1671"]
[Annotator "NA RC"]
[PlyCount "54"]
[EventDate "2020.08.05"]
[EventType "swiss (blitz)"]

1. e4 {[%emt 0:00:04]} c6 {[%emt 0:00:01]} 2. d3 {[%emt 0:00:00]} d6 {[%emt 0:00:00]} 3. Nc3 {[%emt 0:00:00]} Nd7 {[%emt 0:00:00]} 4. Bd2 {[%emt 0:00:00]} g6 {[%emt 0:00:00]} 5. Nf3 {[%emt 0:00:00]} Bg7 {[%emt 0:00:00]} 6. Be2 {[%emt 0:00:00]} e5 {[%emt 0:00:00]} 7. Be3 {[%emt 0:00:04]} Qc7 {[%emt 0:00:00]} 8. d4 {[%emt 0:00:01]} Ne7 {[%emt 0:00:00]} 9. O-O {[%emt 0:00:04]} O-O {[%emt 0:00:01]} 10. Re1 {[%emt 0:00:01]} Kh8 {[%emt 0:00:04]} 11. Qd2 {[%emt 0:00:01]} f5 {[%emt 0:00:02]} 12. Bh6 {[%emt 0:00:02]} f4 {[%emt 0:00:04]} 13. Bxg7+ {[%emt 0:00:02]} Kxg7 {[%emt 0:00:00]} 14. Rad1 {[%emt 0:00:03]} Nf6 {[%emt 0:00:01]} 15. Bc4 {[%emt 0:00:05]} b5 {[%emt 0:00:03]} 16. Bd3 {[%emt 0:00:03]} b4 {[%emt 0:00:01]} 17. Nb1 {[%emt 0:00:03]} Bg4 {[%emt 0:00:01]} 18. Qxb4 {[%emt 0:00:04]} Rab8 {[%emt 0:00:03]} 19. Qc3 {[%emt 0:00:02]} Bxf3 {[%emt 0:00:02]} 20. gxf3 {[%emt 0:00:02]} Nh5 {[%emt 0:00:02]} 21. dxe5 {[%emt 0:00:06]} dxe5 {[%emt 0:00:01]} 22. Nd2 {[%emt 0:00:02]} g5 {[%emt 0:00:03]} 23. Bf1 {[%emt 0:00:03]} Ng6 {[%emt 0:00:00]} 24. Bh3 {[%emt 0:00:02]} Nh4 {[%emt 0:00:03]} 25. Nf1 {[%emt 0:00:01]} Qe7 {[%emt 0:00:02]} 26. Bg4 {[%emt 0:00:03]} Nf6 {[%emt 0:00:02]} 27. h3 {[%emt 0:00:01]} h5 {[%emt 0:00:02] Time Time Time Time Time (Lag: Av=1.93s, max=5.3s) (Lag: Av=1.93s, max=5.3s) (Lag: Av=1.93s, max=5.3s) (Lag: Av=1.93s, max=5.3s) (Lag: Av=1.93s, max=5.3s)} 0-1

[Event "Stay Safe Play From Home 358"]
[Site "Emanuel Lasker Arena"]
[Date "2020.08.05"]
[Round "4"]
[White "NTBT_DHS"]
[Black "Tran Minh Thang"]
[Result "0-1"]
[WhiteElo "2622"]
[BlackElo "2532"]
[Annotator "TA"]
[PlyCount "132"]
[EventDate "2020.08.05"]
[EventType "swiss (blitz)"]

{[%evp 10,132,20,22,12,17,81,37,57,67,66,63,58,45,59,56,64,60,61,56,74,62,63,61,185,27,151,149,199,79,64,64,111,71,66,72,122,76,118,101,120,131,129,79,85,41,58,39,41,57,60,0,0,0,24,16,133,128,196,203,358,353,263,108,132,27,46,25,72,0,0,0,0,0,0,0,0,0,22,0,0,0,0,-29,-29,-41,-32,-327,-313,-433,-17,-604,-588,-518,-45,-1025,-814,-554,-277,-4134,-67,-80,-6,-808,-521,-1494,4960,-29980,-29981,-29981,-29982,-29983,-29984,-29984,-29985,-29985,-29986,-29988,-29989,-29989,-29988,-29989,-29990,-29990,-29991]} 1. d4 d5 2. Nc3 Nf6 3. Bg5 e6 4. e4 dxe4 5. Nxe4 Be7 6. Nxf6+ Bxf6 {C13: French: Classical System: 4 Bg5 Be7, Alekhine-Chatard Attack.} 7. Bxf6 gxf6 (7... Qxf6 $11 {keeps the balance.} 8. Nf3 Bd7) 8. Nf3 b6 {White is slightly better.} 9. Bb5+ c6 10. Bd3 Bb7 {[#]} 11. Qd2 $146 ({Predecessor:} 11. Qe2 Qd6 12. O-O-O Nd7 13. c3 O-O-O 14. Nd2 b5 15. Ne4 Qe7 16. f4 f5 17. Ng5 h6 18. Nf3 a6 19. Bxf5 Qf6 {0-1 (32) Pillsbury,H-Kempner Hochstaed,M Berlin 1902}) 11... Nd7 12. O-O-O Qe7 13. Rhe1 O-O-O 14. Kb1 Kb8 15. c4 Qd6 16. Qh6 f5 {[#]} (16... Ka8 $14) 17. Qg7 $2 (17. Bxf5 $1 $18 {[%mdl 512]} Qe7 (17... exf5 18. Qxd6+) 18. Qf4+ Ka8 19. Bc2) 17... Rhg8 (17... Rhf8 $11 {remains equal.}) 18. Qxf7 $16 Rde8 19. Ne5 (19. g3 $18 {and White stays clearly on top.}) 19... Nxe5 20. dxe5 Qc7 21. Qxc7+ (21. Qh5 {seems wilder.} Rd8 22. g3 Rd4 23. Qh6 Rgd8 24. Bc2) 21... Kxc7 22. g3 Ref8 23. Bc2 f4 24. Rd6 ({Much less strong is} 24. Bxh7 $6 Rh8 $14) 24... fxg3 25. fxg3 Bc8 26. Be4 Bd7 27. Red1 Rg7 28. R1d2 Rf1+ 29. Kc2 Re1 30. Bg2 (30. Kd3 $14) 30... Rxe5 $11 31. R6d4 Rf5 32. Rh4 Rgf7 (32... Rf6 $11) 33. Be4 $36 {[%mdl 2048] White has strong initiative.} Rf2 (33... Rf1 $16 {was necessary.} 34. Rxh7 (34. Bxh7 c5 $16) 34... Rxh7 35. Bxh7 c5) 34. Rxh7 $18 Rxd2+ $2 (34... Rxh7 35. Rxf2 Rg7) 35. Kxd2 {[%mdl 4096] Endgame KRB-KRB} Rf2+ 36. Kc3 (36. Ke3 $18 Rf1 37. h4 Re1+ 38. Kf3) 36... Kd6 37. b4 (37. h4 $16) 37... c5 $1 $11 38. a3 a5 39. bxc5+ (39. b5 $16) 39... bxc5 40. Bc2 Rf3+ 41. Bd3 Bc6 (41... e5 $5 {[%cal Re5e4]} 42. Rh6+ Kc7 $11) 42. Rh4 Rf2 43. Be4 Bd7 44. Kb3 a4+ {[%cal Ba5a4,Ba4a3][%mdl 32]} 45. Kc3 Ra2 46. Bc2 Rxa3+ 47. Kb2 Re3 {Threatens to win with ...Re2.} 48. Rh5 $2 {[%mdl 8192]} ({White should play} 48. Re4 $15 Rf3 49. Rf4 a3+ 50. Ka2) 48... a3+ $19 49. Ka2 e5 $2 (49... Re2 $19 50. Kxa3 Rxc2) 50. Bb3 $2 {[%mdl 8192] [#]} (50. Bf5 $11 Bxf5 51. Rxf5) 50... Be6 $1 51. Rh6 Ke7 $2 ({Black should try} 51... e4 $19 {aiming for ...Rxb3!} 52. Rh4 Ke5 53. Rh5+ Kd4) 52. h4 $2 {[%mdl 8192]} (52. Rh7+ $15 Kd6 53. Ra7) 52... Rxg3 53. Rh7+ Kf6 {And now ...e4 would win.} 54. h5 $2 (54. Rh6+ Ke7 55. Rh5) 54... Bf5 $2 (54... e4 $19 55. Rh6+ Ke5) 55. Rc7 $15 Bb1+ (55... e4 $17 56. Rxc5 e3) 56. Kxa3 $2 {[%mdl 8192]} (56. Kxb1 $11 Rxb3+ 57. Ka2) 56... Bc2 $1 $19 57. Rb7 Kg5 $4 {[%mdl 8192]} (57... e4 $19 58. Rb6+ Kg7 59. h6+ Kh7) 58. Kb2 $4 {[%mdl 8192]} (58. Rg7+ $18 Kh4 59. Rxg3) 58... Rxb3+ {Black mates.} 59. Rxb3 Bxb3 60. Kxb3 Kxh5 {KPP-KP} 61. Kc3 Kg4 62. Kd3 Kf3 63. Kc3 e4 64. Kb3 Kf2 65. Ka4 Ke3 66. Kb5 Kd4 {A wild game. Accuracy: White = 42%, Black = 54%.} 0-1

[Event "Stay Safe Play From Home 358"]
[Site "Emanuel Lasker Arena"]
[Date "2020.08.05"]
[Round "4"]
[White "Gokerkan"]
[Black "AChessPlayer"]
[Result "1-0"]
[WhiteElo "2554"]
[BlackElo "2408"]
[Annotator "TA"]
[PlyCount "123"]
[EventDate "2020.08.05"]
[EventType "swiss (blitz)"]

{[%evp 10,123,16,14,29,34,36,40,71,80,75,64,73,76,94,88,116,116,114,101,110,111,114,110,104,106,101,77,95,33,22,22,108,105,103,95,246,240,235,227,229,213,273,266,350,347,353,311,288,264,350,354,347,0,309,331,386,354,393,379,362,252,418,400,392,383,441,432,804,781,831,774,1165,1127,1154,1103,1979,2025,29961,12806,12823,12818,29984,29985,29986,29987,29987,29988,29988,29989,29989,29990,29992,29993,29993,29994,29994,29995,29995,29996,29996,29996,29996,29995,29996,29995,29995,29996,29996,29997,29997,29998,29998,29999,29999,29999]} 1. e4 c6 2. d4 d5 3. e5 Bf5 4. Nd2 e6 5. Nb3 Nd7 6. Nf3 Ne7 {B12: Caro-Kann: Advance Variation.} 7. Be2 a6 8. O-O c5 {White is slightly better.} 9. Nxc5 Nxc5 10. dxc5 Nc6 11. Be3 {[#]} Bg4 $146 ({Predecessor:} 11... Qc7 12. c3 Nxe5 13. Nxe5 Qxe5 14. Qa4+ Kd8 15. Rad1 Rc8 16. Rfe1 Qc7 17. c4 Bxc5 18. cxd5 Ke7 19. dxe6 Bxe6 20. Qh4+ Ke8 21. Rc1 Qe7 22. Qa4+ Kf8 23. Qc2 {1-0 (23) Antipov,M (2507)-Hadzi Manev,L (2034) Skopje 2014}) 12. c4 Bxf3 13. Bxf3 {[%cal Rc4d5]} Nxe5 14. cxd5 {Strongly threatening Qa4+.} Nxf3+ 15. Qxf3 Qxd5 16. Qxd5 exd5 17. Rad1 O-O-O 18. Rd3 Be7 {[#]} 19. Rfd1 ({Better is} 19. Bd4 $1 $16) 19... Bf6 $14 20. b4 $36 {[%mdl 2048] White is pushing.} d4 (20... Rd7 $11) 21. Bxd4 $16 Rhe8 {Threatens to win with ...Bxd4.} 22. Kf1 Re4 $2 (22... Rxd4 $16 {keeps fighting.} 23. Rxd4 Bxd4 24. Rxd4 a5) 23. Bxf6 $18 {[%mdl 64] Discovered Attack} Rxd3 24. Rxd3 gxf6 {[%mdl 4096] Endgame KR-KR} 25. a3 Rc4 26. Rf3 Rc1+ 27. Ke2 Rc2+ 28. Ke1 Ra2 29. Rxf6 Ra1+ 30. Ke2 Ra2+ 31. Ke1 Ra1+ {[#]} 32. Kd2 $1 Ra2+ 33. Kc1 Rxa3 34. Rxf7 h5 35. Rh7 Rb3 $2 (35... Ra2 36. g3 Rxf2) 36. Rxh5 Rxb4 37. h4 Rf4 38. f3 Kc7 (38... a5 $142 39. Rh8+ Kd7) 39. Rh7+ Kc6 40. h5 a5 41. h6 Rh4 42. g4 a4 43. g5 Kxc5 44. g6 a3 45. Kb1 Rh2 46. g7 {White mates.} a2+ 47. Ka1 Rg2 48. Rh8 Rg1+ 49. Kxa2 Rg2+ 50. Kb3 b5 51. g8=Q Rxg8 52. Rxg8 {KR-KP} Kd4 53. h7 Ke3 54. h8=Q Kf2 55. f4 Ke3 56. f5 Kf3 57. f6 Ke4 58. f7 Kd5 59. f8=Q b4 60. Rg5+ Kc6 61. Qhf6+ Kb7 62. Q8e7+ {Accuracy: White = 84%, Black = 39%.} 1-0

[Event "Stay Safe Play From Home 358"]
[Site "Emanuel Lasker Arena"]
[Date "2020.08.05"]
[Round "4"]
[White "BrainThinker22"]
[Black "Greblha"]
[Result "1-0"]
[WhiteElo "2408"]
[BlackElo "1970"]
[Annotator "NA RC"]
[PlyCount "91"]
[EventDate "2020.08.05"]
[EventType "swiss (blitz)"]

1. e4 {[%emt 0:00:01]} c6 {[%emt 0:00:00]} 2. d4 {[%emt 0:00:01]} d5 {[%emt 0:00:00]} 3. exd5 {[%emt 0:00:00]} cxd5 {[%emt 0:00:01]} 4. c4 {[%emt 0:00:00]} Nf6 {[%emt 0:00:01]} 5. Nc3 {[%emt 0:00:01]} Nc6 {[%emt 0:00:01]} 6. Nf3 {[%emt 0:00:01]} Be6 {[%emt 0:00:00]} 7. cxd5 {[%emt 0:00:01]} Bxd5 {[%emt 0:00:01]} 8. Bd3 {[%emt 0:00:00]} e6 {[%emt 0:00:01]} 9. O-O {[%emt 0:00:01]} Be7 {[%emt 0:00:00]} 10. Be3 {[%emt 0:00:01]} O-O {[%emt 0:00:00]} 11. a3 {[%emt 0:00:00]} a6 {[%emt 0:00:01]} 12. Rc1 {[%emt 0:00:01]} Rc8 {[%emt 0:00:01]} 13. h3 {[%emt 0:00:00]} b5 {[%emt 0:00:01]} 14. Ne5 {[%emt 0:00:01]} Nxe5 {[%emt 0:00:01]} 15. dxe5 {[%emt 0:00:00]} Nd7 {[%emt 0:00:02]} 16. Nxd5 {[%emt 0:00:01]} exd5 {[%emt 0:00:01]} 17. Rxc8 {[%emt 0:00:03]} Qxc8 {[%emt 0:00:01]} 18. Bf5 {[%emt 0:00:00]} Rd8 {[%emt 0:00:03]} 19. e6 {[%emt 0:00:03]} fxe6 {[%emt 0:00:02]} 20. Bxe6+ {[%emt 0:00:00]} Kh8 {[%emt 0:00:01]} 21. Qxd5 {[%emt 0:00:00]} Nf6 {[%emt 0:00:02]} 22. Bxc8 {[%emt 0:00:04]} Rxd5 {[%emt 0:00:01]} 23. Bxa6 {[%emt 0:00:01]} b4 {[%emt 0:00:00]} 24. Bc4 {[%emt 0:00:03]} Rd8 {[%emt 0:00:04]} 25. a4 {[%emt 0:00:01]} Ne4 {[%emt 0:00:02]} 26. b3 {[%emt 0:00:02]} Nd2 {[%emt 0:00:01]} 27. Bxd2 {[%emt 0:00:01]} Rxd2 {[%emt 0:00:01]} 28. a5 {[%emt 0:00:00]} Ra2 {[%emt 0:00:02]} 29. a6 {[%emt 0:00:00]} g6 {[%emt 0:00:02]} 30. g3 {[%emt 0:00:04]} Kg7 {[%emt 0:00:01]} 31. Rd1 {[%emt 0:00:04]} Bc5 {[%emt 0:00:01]} 32. Rd7+ {[%emt 0:00:01]} Kh6 {[%emt 0:00:03]} 33. Rf7 {[%emt 0:00:00]} g5 {[%emt 0:00:05]} 34. Kg2 {[%emt 0:00:01]} Kg6 {[%emt 0:00:01]} 35. Rf3 {[%emt 0:00:05]} h5 {[%emt 0:00:02]} 36. g4 {[%emt 0:00:00]} hxg4 {[%emt 0:00:01]} 37. hxg4 {[%emt 0:00:00]} Ra1 {[%emt 0:00:02]} 38. Rf5 {[%emt 0:00:01]} Bd4 {[%emt 0:00:01]} 39. Bd3 {[%emt 0:00:01]} Kh6 {[%emt 0:00:02]} 40. Rd5 {[%emt 0:00:01]} Bc3 {[%emt 0:00:01]} 41. Rd6+ {[%emt 0:00:01]} Kg7 {[%emt 0:00:01]} 42. Rd7+ {[%emt 0:00:00]} Kf6 {[%emt 0:00:01]} 43. a7 {[%emt 0:00:00]} Ke5 {[%emt 0:00:01]} 44. Rb7 {[%emt 0:00:05]} Bd4 {[%emt 0:00:00]} 45. a8=Q {[%emt 0:00:01]} Rxa8 {[%emt 0:00:01]} 46. Re7+ {[%emt 0:00:00] Zeit Zeit Zeit Zeit Zeit (Lag: Av=0.44s, max=0.6s) (Lag: Av=0.44s, max=0.6s) (Lag: Av=0.44s, max=0.6s) (Lag: Av=0.44s, max=0.6s) (Lag: Av=0.44s, max=0.6s)} 1-0